Fußball WM Teilnehmer? #9 - Statistiken

Allgemein
  • Dieses Quiz wurde 218 mal gespielt
    40 seit der letzten Aktualisierung
  • Das Durchschnittsergebnis liegt bei 13 aus 15
Antwortstatistiken
Hint Antwort % Korrekt
Türkei Ja
100%
Färöer Nein
97%
Mauretanien Nein
97%
Myanmar Nein
97%
Grenada Nein
97%
Griechenland Ja
94%
Costa Rica Ja
90%
Somalia Nein
90%
Simbabwe Nein
87%
Aserbaidschan Nein
84%
Nordirland Ja
81%
Libyen Nein
81%
Guinea Nein
74%
Montenegro Nein
74%
Armenien Nein
71%
Keine übereinstimmenden Quizze gefunden
Verteilung der Resultate
Anzahl Personen mit jedem Resultat
Perzentil nach korrekt beantworteten Fragen
Ihre Resultats-Entwicklung
Sie haben dieses Quiz seit der letzten Aktualisierung nicht gespielt